005590000a2200181000450024501510000065000150015165000160016665000260018265000250020865100130023365300150024665300120026165300110027365300160028404100130030010000230031377300410033610aNotes on Calycophyllous rubiaceae. part III. Systematic position of the monotypic mexican genus Cosmocalyx and notes on the calycophyll develoment14aBotánica14aFenología14aSistemática vegetal14aMorfología vegetal 4pMéxico gCosmocalyx gHamelia gDeppea gPhyllomelia0 aInglés1 aDelprete, Piero G.1 tBrittonia3120h3q309-317d1998g50